| Tag |
First Indicator |
Second Indicator |
Subfields |
| LEADER |
00000cam a22000008a 4500 |
| 001 |
in00002566607 |
| 005 |
20151201120112.0 |
| 008 |
091224s2010 nyu 000 1 eng |
| 010 |
|
|
|a 2009053564
|
| 020 |
|
|
|a 9780425233689
|
| 020 |
|
|
|a 0425233685
|
| 035 |
|
|
|a (OCoLC)ocn457151560
|
| 035 |
|
|
|a (OCoLC)457151560
|
| 040 |
|
|
|a DLC
|c DLC
|d BTCTA
|d UPZ
|d YDXCP
|d VPL
|d UtOrBLW
|
| 043 |
|
|
|a n-us-ct
|
| 049 |
|
|
|a TXAM
|
| 050 |
0 |
0 |
|a PS3568.O243
|b S38 2010
|
| 082 |
0 |
0 |
|a 813/.54
|2 22
|
| 100 |
1 |
|
|a Roberts, Nora.
|
| 245 |
1 |
0 |
|a Savor the moment /
|c Nora Roberts.
|
| 263 |
|
|
|a 1005
|
| 264 |
|
1 |
|a New York :
|b Berkley Books,
|c 2010.
|
| 300 |
|
|
|a 339 pages ;
|c 21 cm.
|
| 336 |
|
|
|a text
|b txt
|2 rdacontent
|
| 337 |
|
|
|a unmediated
|b n
|2 rdamedia
|
| 338 |
|
|
|a volume
|b nc
|2 rdacarrier
|
| 490 |
1 |
|
|a The bride quartet
|
| 520 |
|
|
|a Wedding baker Laurel McBane is surrounded by romance working at Vows wedding planning company with her best friends Parker, Emma, and Mac. Low-key and unpretentious, she longs for the seemingly unreachable Ivy League lawyer Delaney, Parker's older brother.
|
| 650 |
|
0 |
|a Female friendship
|v Fiction.
|
| 650 |
|
0 |
|a Bakers
|v Fiction.
|
| 650 |
|
0 |
|a Businesswomen
|v Fiction.
|
| 650 |
|
1 |
|a Weddings
|v Fiction.
|
| 651 |
|
0 |
|a Connecticut
|v Fiction.
|
| 655 |
|
7 |
|a Love stories.
|2 gsafd
|
| 800 |
1 |
|
|a Roberts, Nora.
|t Bride quartet.
|
| 938 |
|
|
|a Baker and Taylor
|b BTCP
|n BK0008598457
|
| 938 |
|
|
|a YBP Library Services
|b YANK
|n 3236812
|
| 948 |
|
|
|a cataloged
|b h
|c 2010/4/29
|d c
|e ceaton
|f 1:15:35 pm
|
| 994 |
|
|
|a C0
|b TXA
|
| 999 |
|
|
|a MARS
|
| 999 |
f |
f |
|s 7054346b-d58a-3e90-a9f3-80c258f7bd6a
|i c588eb38-8890-39d5-91dc-83ad30de45d1
|t 0
|
| 952 |
f |
f |
|p normal
|a Texas A&M University
|b College Station
|c Sterling C. Evans Library
|d Evans: Library Stacks
|t 0
|e PS3568.O243 S38 2010
|h Library of Congress classification
|i unmediated -- volume
|m A14839137378
|
| 998 |
f |
f |
|a PS3568.O243 S38 2010
|t 0
|l Evans: Library Stacks
|